01162nam a2200193Ia 4500001001100000003001000011008004100021040002500062041001300087100003200100245007800132250001100210260006800221300001200289500026200301501011400563520026200677650002900939L232-27284IT-CnALBA170116s9999||||xx |||||||||||||| ||und|| aIT-CnALBAcIT-CnALBA aITALIANO aDE LA POTTERIE IGNAZIO, SJ. 0aLA PREGHIERA DI GESÙ: IL MESSIA, IL SERVO DI DIO, IL FIGLIO DEL PADRE.  a1a ed. aTORINO - ROMAbAPOSTOLATO DELLA PREGHIERAc1989 [1° Ed.: n.d.] a148 p.  aTRADUZIONE DAL FIAMMINGO DI GABRIELLA BERENYI. LUOGHI DI PREGHIERA, MOMENTI DI PREGHIERA. ATTEGGIAMENTO ESTERIORE. SEGRETO DI PREGHIERA. PREGHIERA DI DOMANDA. COSCIENZA MESSIANICA DI GESÙ. PREGHIERA MESSIANICA NELL'ULTIMA CENA. SULLA CROCE. PREGHIERA FILI aSocietà San Paolo EM - Piazza San Paolo, 14 - 12051 ALBA (CN) (non commercial uses only) ® Copyright 2017 aTRADUZIONE DAL FIAMMINGO DI GABRIELLA BERENYI. LUOGHI DI PREGHIERA, MOMENTI DI PREGHIERA. ATTEGGIAMENTO ESTERIORE. SEGRETO DI PREGHIERA. PREGHIERA DI DOMANDA. COSCIENZA MESSIANICA DI GESÙ. PREGHIERA MESSIANICA NELL'ULTIMA CENA. SULLA CROCE. PREGHIERA FILI aVITA E MISTERO DI CRISTO